Normal view
MARC view
Entry Personal Name
001 - CONTROL NUMBER
- control field: 1082507
003 - CONTROL NUMBER IDENTIFIER
- control field: OSt
005 - DATE AND TIME OF LATEST TRANSACTION
- control field: 20260121171944.0
008 - FIXED-LENGTH DATA ELEMENTS
- fixed length control field: 260121|| aca||aabn | a|a d
040 ## - CATALOGING SOURCE
- Original cataloging agency: OSt
- Transcribing agency: OSt
100 ## - HEADING--PERSONAL NAME
- Personal name: Yana Meerzon, David Dean, Daniel McNeil
670 ## - SOURCE DATA FOUND
- Source citation: Work cat.: (OSt)1648240: Yana Meerzon, David Dean, Daniel McNeil, Migration and Stereotypes in Performance and Culture
